[Event "Cesky Krumlov op 1st"]
[Site "Cesky Krumlov"]
[Date "2007.10.16"]
[Round "5"]
[White "Pettersson, Tomas"]
[Black "Voelz, Michael"]
[Result "1/2-1/2"]
[WhiteElo "2041"]
[BlackElo "1769"]
[PlyCount "89"]
[EventDate "2007.10.13"]
[EventType "swiss"]
[EventRounds "9"]
[EventCountry "CZE"]
[SourceTitle "EXT 2008"]
[Source "ChessBase"]
[SourceDate "2007.11.25"]
[SourceVersion "1"]
[SourceVersionDate "2007.11.25"]
[SourceQuality "1"]

1. e4 e5 2. Nf3 Nc6 3. d4 exd4 4. Bc4 Nf6 5. 0-0 d6 6. Nxd4 Nxd4 7. Qxd4 Be6 8. Nc3 Be7 9. Bxe6 fxe6 10. e5 dxe5 11. Qxe5 Qd6 12. Qb5+ Qc6 13. Re1 Kf7 14. Qxc6 bxc6 15. Ne4 Nxe4 16. Rxe4 Rhd8 17. Be3 Rab8 18. b3 c5 19. Kf1 Rb4 20. c4 a5 21. Ke2 a4 22. Bd2 Rb6 23. Ba5 Rb7 24. bxa4 Ra7 25. Bd2 Rxa4 26. a3 Rd4 27. Rxd4 cxd4 28. Kd3 e5 29. f4 Rxa3+ 30. Rxa3 Bxa3 31. fxe5 c5 32. Kc2 Ke6 33. Kb3 Bb4 34. Bxb4 cxb4 35. Kxb4 Kxe5 36. c5 Kd5 37. c6 Kxc6 38. Kc4 d3 39. Kxd3 Kd5 40. Ke3 Ke5 41. Kf3 Kf5 42. g4+ Ke5 43. h4 h6 44. h5 g6 45. hxg6 1/2-1/2

[Event "Lubuska Wiosna op 3rd"]
[Site "Gorzow Wielkopolski"]
[Date "2007.04.09"]
[Round "7"]
[White "Aliavdin, Nikolai"]
[Black "Pettersson, Tomas"]
[Result "1-0"]
[WhiteElo "2421"]
[BlackElo "2035"]
[PlyCount "115"]
[EventDate "2007.04.06"]
[EventType "swiss"]
[EventRounds "9"]
[EventCountry "POL"]
[SourceTitle "EXT 2011"]
[Source "ChessBase"]
[SourceDate "2010.11.26"]
[SourceVersion "1"]
[SourceVersionDate "2010.11.26"]
[SourceQuality "1"]

1. e4 e5 2. Nf3 Nf6 3. Nxe5 d6 4. Nf3 Nxe4 5. d4 d5 6. Bd3 Bd6 7. 0-0 0-0 8. c4 c6 9. cxd5 cxd5 10. Nc3 Re8 11. h3 Bc7 12. Qc2 Nc6 13. Nxe4 dxe4 14. Bxe4 Nxd4 15. Nxd4 Qxd4 16. Bxh7+ Kh8 17. Qxc7 Kxh7 18. Qxf7 Be6 19. Qh5+ Kg8 20. Be3 Qxb2 21. Rab1 Qxa2 22. Rxb7 Qd5 23. Qxd5 Bxd5 24. Rxa7 Rxa7 25. Bxa7 Re2 26. Rd1 Bc6 27. Kh2 Ra2 28. Be3 Be4 29. g4 Rb2 30. Kg3 Rb7 31. Rd4 Bc6 32. Rd6 Be8 33. h4 g6 34. Ra6 Rb5 35. Ra7 Rd5 36. Kf4 Rb5 37. Rc7 Rd5 38. Rc5 Rxc5 39. Bxc5 Bc6 40. Kg5 Bf3 41. h5 gxh5 42. Kxh5 Kf7 43. Kg5 Kg7 44. Bd4+ Kf7 45. Kf5 Bd1 46. f4 Bc2+ 47. Kg5 Ba4 48. f5 Be8 49. Kf4 Ba4 50. g5 Bb3 51. g6+ Kf8 52. f6 Bc4 53. Bc5+ Kg8 54. Ke5 Bb3 55. Bd6 Bc4 56. Kd4 Bb3 57. Kc5 Be6 58. Kb6 1-0

[Event "Lubuska Wiosna op 3rd"]
[Site "Gorzow Wielkopolski"]
[Date "2007.04.08"]
[Round "6"]
[White "Pettersson, Tomas"]
[Black "Wisniowska, Klaudia"]
[Result "1-0"]
[WhiteElo "2035"]
[BlackElo "1845"]
[PlyCount "67"]
[EventDate "2007.04.06"]
[EventType "swiss"]
[EventRounds "9"]
[EventCountry "POL"]
[SourceTitle "EXT 2011"]
[Source "ChessBase"]
[SourceDate "2010.11.26"]
[SourceVersion "1"]
[SourceVersionDate "2010.11.26"]
[SourceQuality "1"]

1. e4 c5 2. Nf3 d6 3. d3 Nc6 4. g3 g6 5. Bg2 Bg7 6. 0-0 e5 7. Nbd2 Nge7 8. Re1 0-0 9. h4 Bg4 10. Nf1 Nd4 11. c3 Nxf3+ 12. Bxf3 Bxf3 13. Qxf3 Nc6 14. Ne3 b5 15. a3 a5 16. Kg2 b4 17. axb4 axb4 18. Bd2 b3 19. h5 Ra2 20. Rab1 Ne7 21. Rh1 Qd7 22. g4 h6 23. Qd1 Rb8 24. hxg6 fxg6 25. c4 Nc6 26. Nd5 Nd4 27. Rxh6 Qf7 28. Rxg6 Ra6 29. Bh6 Ne6 30. Bxg7 Nxg7 31. Rf6 Qa7 32. Qh1 Rb7 33. Qh4 Rc6 34. Rh1 1-0

[Event "Lubuska Wiosna op 3rd"]
[Site "Gorzow Wielkopolski"]
[Date "2007.04.06"]
[Round "2"]
[White "Pettersson, Tomas"]
[Black "Kowalska, Sara"]
[Result "1-0"]
[WhiteElo "2035"]
[BlackElo "1878"]
[PlyCount "89"]
[EventDate "2007.04.06"]
[EventType "swiss"]
[EventRounds "9"]
[EventCountry "POL"]
[SourceTitle "EXT 2011"]
[Source "ChessBase"]
[SourceDate "2010.11.26"]
[SourceVersion "1"]
[SourceVersionDate "2010.11.26"]
[SourceQuality "1"]

1. e4 e5 2. Nf3 Nc6 3. d4 exd4 4. Bc4 Nf6 5. 0-0 Nxe4 6. Re1 d5 7. Bxd5 Qxd5 8. Nc3 Qa5 9. Nxe4 Be6 10. Bd2 Qh5 11. Bg5 Be7 12. Bxe7 Nxe7 13. Nxd4 Qxd1 14. Raxd1 0-0-0 15. Nxe6 fxe6 16. Ng5 Rxd1 17. Rxd1 Nf5 18. g4 Nd6 19. Re1 h6 20. Nxe6 Kd7 21. h3 g6 22. b3 b6 23. Nf4 Rg8 24. Nd5 Rg7 25. c4 Rf7 26. Kg2 c6 27. Nc3 Nb7 28. Kg3 Nc5 29. Re3 Ne6 30. Rf3 Rg7 31. Ne4 Ke7 32. Rd3 Rf7 33. b4 Nf4 34. Re3 Ne6 35. c5 Kd7 36. Ra3 Kd8 37. cxb6 axb6 38. Ra8+ Kd7 39. Ra7+ Nc7 40. f4 Ke6 41. Rb7 b5 42. Nc5+ Kd6 43. Na6 Re7 44. Rxc7 Rxc7 45. Nxc7 1-0

[Event "Ceska Trebova op 2nd"]
[Site "Ceska Trebova"]
[Date "2006.08.29"]
[Round "5"]
[White "Pettersson, Tomas"]
[Black "Valenta, Vit"]
[Result "0-1"]
[WhiteElo "2058"]
[BlackElo "2194"]
[PlyCount "44"]
[EventDate "2006.08.26"]
[EventType "swiss"]
[EventRounds "9"]
[EventCountry "CZE"]
[SourceTitle "CBM 114 Extra"]
[Source "ChessBase"]
[SourceDate "2006.11.03"]
[SourceVersion "1"]
[SourceVersionDate "2006.11.03"]
[SourceQuality "1"]

1. e4 e5 2. Nf3 Nc6 3. d4 exd4 4. Bc4 Bb4+ 5. c3 dxc3 6. 0-0 d6 7. a3 Bc5 8. Nxc3 Bg4 9. Qd3 Nge7 10. Bf4 0-0 11. Nd5 Ng6 12. Bg5 Qd7 13. b4 Bb6 14. Qc3 Bxf3 15. Qxf3 Nd4 16. Qh5 Ne6 17. Nxb6 axb6 18. Be3 Nef4 19. Qd1 Rae8 20. Qc2 Nxg2 21. Be2 Qh3 22. Rad1 N2h4 0-1

[Event "Ceska Trebova op 2nd"]
[Site "Ceska Trebova"]
[Date "2006.08.28"]
[Round "3"]
[White "Pettersson, Tomas"]
[Black "Cerveny, Martin"]
[Result "0-1"]
[WhiteElo "2058"]
[BlackElo "2262"]
[PlyCount "110"]
[EventDate "2006.08.26"]
[EventType "swiss"]
[EventRounds "9"]
[EventCountry "CZE"]
[SourceTitle "CBM 114 Extra"]
[Source "ChessBase"]
[SourceDate "2006.11.03"]
[SourceVersion "1"]
[SourceVersionDate "2006.11.03"]
[SourceQuality "1"]

1. e4 c5 2. Nf3 d6 3. d3 g6 4. g3 Bg7 5. Bg2 Nc6 6. 0-0 Nf6 7. Re1 0-0 8. Nbd2 Rb8 9. Nf1 b5 10. e5 Nxe5 11. Nxe5 dxe5 12. Rxe5 Bb7 13. Rxc5 Bxg2 14. Kxg2 Ne4 15. Rc6 Qd5 16. Rc7 Nxg3+ 17. Qf3 Qxf3+ 18. Kxf3 Nxf1 19. Rxe7 Nxh2+ 20. Kg3 Rbe8 21. Bg5 Rxe7 22. Bxe7 Re8 23. Bc5 Be5+ 24. f4 Bb8 25. a4 bxa4 26. Kxh2 Re2+ 27. Kg3 Rxc2 28. Bd4 Rd2 29. Kf3 Rxd3+ 30. Ke4 Rb3 31. Rxa4 f5+ 32. Kd5 Kf7 33. Be5 g5 34. Bxb8 Rxb8 35. Rxa7+ Kg6 36. Ra6+ Kh5 37. fxg5 Kxg5 38. Ra1 Rxb2 39. Rg1+ Kf6 40. Rh1 Rd2+ 41. Kc4 Rd7 42. Kc5 f4 43. Kc6 Rd8 44. Rxh7 Ke5 45. Re7+ Kf5 46. Kc7 Rd1 47. Kc6 f3 48. Rf7+ Ke4 49. Kc5 Ke3 50. Re7+ Kf2 51. Kc4 Kf1 52. Kc3 f2 53. Kc2 Rd4 54. Kc3 Rg4 55. Kd2 Kg1 0-1

[Event "Znojmo op"]
[Site "Znojmo"]
[Date "2006.05.21"]
[Round "9.5"]
[White "Jedlicka, Ales"]
[Black "Pettersson, Tomas"]
[Result "1/2-1/2"]
[WhiteElo "2275"]
[BlackElo "2004"]
[PlyCount "152"]
[EventDate "2006.05.14"]
[EventType "swiss"]
[EventRounds "9"]
[EventCountry "CZE"]
[SourceTitle "CBM 112 Extra"]
[Source "ChessBase"]
[SourceDate "2006.07.14"]
[SourceVersion "1"]
[SourceVersionDate "2006.07.14"]
[SourceQuality "1"]

1. Nf3 Nf6 2. d4 e6 3. c4 Bb4+ 4. Bd2 Qe7 5. g3 b6 6. Bg2 Bb7 7. 0-0 Bxd2 8. Qxd2 0-0 9. Qc2 Na6 10. Nc3 c5 11. d5 exd5 12. Nh4 Nb4 13. Qd1 d6 14. cxd5 Bc8 15. a3 Na6 16. e4 g6 17. f4 Rd8 18. Qd2 Nc7 19. Rae1 Ba6 20. Rf3 Rab8 21. h3 Nb5 22. Nxb5 Bxb5 23. Rfe3 Nh5 24. Qf2 f6 25. Nf3 Rf8 26. Nd2 Qc7 27. g4 Ng7 28. Qg3 Rbe8 29. h4 Bd7 30. Nf3 Re7 31. Rd3 Qc8 32. Nh2 Kh8 33. Bf3 a5 34. Kh1 b5 35. Rde3 b4 36. f5 Qc7 37. fxg6 hxg6 38. Qf4 Kh7 39. g5 Ref7 40. gxf6 Rxf6 41. Qg3 c4 42. axb4 axb4 43. Rg1 Be8 44. Ng4 Rf4 45. Nf2 Qe7 46. Nh3 Qa7 47. Be2 R8f6 48. Ng5+ Kg8 49. h5 gxh5 50. Ne6 Rg6 51. Ng5 Qd4 52. Rf3 Rxf3 53. Qxf3 Qd2 54. Ne6 Rxg1+ 55. Kxg1 Nxe6 56. dxe6 c3 57. bxc3 bxc3 58. e7 Qg5+ 59. Kf2 Qxe7 60. Qxc3 Qxe4 61. Bc4+ d5 62. Qg3+ Kf7 63. Qc7+ Ke6 64. Qb6+ Ke5 65. Qb8+ Kd4 66. Be2 Qe3+ 67. Kf1 Qh3+ 68. Kf2 Qf5+ 69. Ke1 Bg6 70. Qb4+ Ke5 71. Qe7+ Qe6 72. Qg5+ Qf5 73. Qe7+ Kf4 74. Qd6+ Qe5 75. Qxg6 d4 76. Qh6+ Qg5 1/2-1/2

[Event "Znojmo op"]
[Site "Znojmo"]
[Date "2006.05.18"]
[Round "6.10"]
[White "Pettersson, Tomas"]
[Black "Djurkovic, Maks"]
[Result "0-1"]
[WhiteElo "2004"]
[BlackElo "2175"]
[PlyCount "41"]
[EventDate "2006.05.14"]
[EventType "swiss"]
[EventRounds "9"]
[EventCountry "CZE"]
[SourceTitle "CBM 112 Extra"]
[Source "ChessBase"]
[SourceDate "2006.07.14"]
[SourceVersion "1"]
[SourceVersionDate "2006.07.14"]
[SourceQuality "1"]

1. e4 d5 2. exd5 Qxd5 3. Qf3 Qd6 4. d3 Nc6 5. Na3 e5 6. g3 Nd4 7. Qd1 Qc6 8. Be3 Bb4+ 9. c3 Bxa3 10. cxd4 Bxb2 11. Rb1 Bc3+ 12. Bd2 Bxd2+ 13. Kxd2 Qxh1 14. Qh5 Qd5 15. Re1 Qxa2+ 16. Kd1 Be6 17. d5 Nf6 18. Qxe5 Nxd5 19. Bh3 0-0-0 20. Bxe6+ fxe6 21. Nf3 0-1